| 000 | 00830nam a22002417a 4500 | ||
|---|---|---|---|
| 001 | 3777 | ||
| 003 | FISKH | ||
| 005 | 20240507093904.0 | ||
| 008 | 240507b cb ||||| |||| 00| 0 eng d | ||
| 040 |
_aFISK _beng _cFISK _dFISK |
||
| 050 | _aPZ7.N5897 | ||
| 082 | _a823.914 | ||
| 100 |
_aNimmo Jenny _d1944- |
||
| 245 |
_aCharlie bone and the invisible boy / _cJenny Nimmo |
||
| 260 |
_aNew York : _bPaperback, _c2004 |
||
| 300 |
_a408 pages : _c20 cm |
||
| 505 | _aM | ||
| 520 | _aCharlie and his friends unite to rescue Ollie, a boy who was turned invisible and made to live in the attics at Bloor's Academy more than a year ago, but they are hindered by a mysterious new student who lives with Charlie's aunts. | ||
| 521 | 8 |
_a720 _bLexiles, |
|
| 700 | _aJenny Nimmo | ||
| 942 |
_2ddc _cBK _n0 |
||
| 999 |
_c3777 _d3777 |
||